01034nam a2200265Ia 450000500170000000800410001702000150005804100080007308200170008124502130009825000220031130000250033365000490035865000440040765000390045170000280049070000330051870000290055170000370058026400280061733600270064533700330067233800280070504000350073320220316235553.0121119s2001 ck gr 000 0 spa  a95880616791 aspa04a303.4 bE71P00aPolítica cultural y cultura políticabuna nueva mirada sobre los movimientos sociales latinoamericanosceditores, Arturo Escobar, Sonia E. Álvarez y Evelina Dagnino ; traducción de Claudia Montilla V. aPrimera edición a492 páginasc24 cm14aMovimientos socialeszAmérica Latina2LEMB14aSociedad civil zAmérica Latina2LEMB14aMinoríaszAmérica Latina2LEMB1 aEscobar, Arturoeeditor1 aÁlvarez, Sonia E. eeditor1 aDagnino, Evelinaeeditor1 aMontilla V., Claudia etraductor aBogotábTrillasc2001 atextobtxt2rdacontent asin mediaciónbn2rdamedia avolumenbnc2rdacarrier aCO-BoRNBPbspaerdacCO-BoRNBP